| 000 -LEADER | |
|---|---|
| fixed length control field | 00446nam a22001577a 4500 |
| 005 - DATE AND TIME OF LATEST TRANSACTION | |
| control field | 20240108141142.0 |
| 008 - FIXED-LENGTH DATA ELEMENTS--GENERAL INFORMATION | |
| fixed length control field | 190527b xxu||||| |||| 00| 0 eng d |
| 020 ## - INTERNATIONAL STANDARD BOOK NUMBER | |
| ISBN | 978-93-86943-99-6 |
| 041 ## - LANGUAGE CODE | |
| Language code of text/sound track or separate title | eng |
| 100 ## - MAIN ENTRY--AUTHOR NAME | |
| Personal name | GOKHALE, S.B.,PATWARDHAN,S.K.,AND YADAV ,K.S.BODAS |
| 245 ## - TITLE STATEMENT | |
| Title | ANALYTICAL PHARMACOGNOSY AND EXTRACTION TECHNOLOGY (SEM-V) |
| 250 ## - EDITION STATEMENT | |
| Edition statement | 2nd Ed. 2018 |
| 260 ## - PUBLICATION, DISTRIBUTION, ETC. (IMPRINT) | |
| Place of publication | PUNE |
| Name of publisher | NIRALI PRAKASHAN |
| 300 ## - PHYSICAL DESCRIPTION | |
| Number of Pages | 1.2p, |
| 942 ## - ADDED ENTRY ELEMENTS (KOHA) | |
| Koha item type | Books |
| Lost status | Damaged status | Collection code | Home library | Current library | Shelving location | Date acquired | Source of acquisition | Cost, normal purchase price | Accession Number | Koha item type |
|---|---|---|---|---|---|---|---|---|---|---|
| PHARMACY | JRU Library | JRU Library | Shelf - 25- D | 27/05/2019 | PURCHESS | 150.00 | 22754 | Books | ||
| PHARMACY | JRU Library | JRU Library | Shelf - 25- D | 27/05/2019 | PURCHESS | 150.00 | 22755 | Books | ||
| Reference | JRU Library | JRU Library | SHELF 9 - A | 27/05/2019 | PURCHESS | 150.00 | 22756 | Books |